书目信息 |
| 题名: |
古代判词选
|
|
| 作者: | 高潮 编 | |
| 分册: | ||
| 出版信息: | 北京 群众出版社 1981.06 |
|
| 页数: | 141页 | |
| 开本: | 19cm | |
| 丛书名: | ||
| 单 册: | ||
| 中图分类: | D929.04 | |
| 科图分类: | ||
| 主题词: | 法律--中国 | |
| 电子资源: | ||
| ISBN: | ||
| 000 | 00520nam0 2200205 45 | |
| 001 | 0210240825 | |
| 005 | 20031219104120.5 | |
| 010 | @dCNY0.40 | |
| 091 | @a6067.7 | |
| 100 | @a20021024d1981 km y0chiy0120 ea | |
| 101 | 0 | @achi |
| 105 | @a z 000yy | |
| 200 | 1 | @a古代判词选@AGu Dai Pan Ci Xuan@f高潮编@FGao Chao Bian |
| 210 | @a北京@c群众出版社@d1981.06 | |
| 215 | @a141页@d19cm | |
| 606 | 0 | @a法律@x中国 |
| 690 | @aD929.04@v3 | |
| 701 | 0 | @a高潮@4编 |
| 801 | @aCN@bTSTC@c20021024 | |
| 905 | @dD929.04@e12@f1@b55641 | |
| 古代判词选/高潮编.-北京:群众出版社,1981.06 |
| 141页;19cm |
| ISBN :CNY0.40 |
| ● |
| 相关链接 |
|
|
|
|
正题名:古代判词选
索取号:D929.04/12
 
预约/预借
| 序号 | 登录号 | 条形码 | 馆藏地/架位号 | 状态 | 备注 |
| 1 | 0055639 | 001725743 | 密集书库/ [索取号:D929.04/12] | 在馆 | |
| 2 | 0055640 | 002054662 | 第一样本阅览室/ [索取号:D929.04/12] | 在馆 | |
| 3 | 0055641 | 001717191 | 密集书库/ [索取号:D929.04/12] | 在馆 | |
| 4 | 0068862 | 001725789 | 密集书库/ [索取号:D929.04/12] | 在馆 | |
| 5 | 0068865 | 001717306 | 密集书库/ [索取号:D929.04/12] | 在馆 |